000 00199 a2200097 4500
020 _a9780307269980
041 _aeng
100 _aLarsson, Stieg
245 _aThe girl who played with fire
942 _cBK
999 _c8454
_d8454